000 00791nab a2200253 4500
003 BR-BrBNA
005 20250309162853.0
008 250309b bl.||||| |||| 00| 0 por d
040 _aBR-BrBNA
_bpor
072 _aL01 ; J13 ; E70
_b5213
100 _aAttuch, Leonardo
245 _aA hora e a vez da raça Brahman
_bAgronegócios
500 _a2 illus.
650 _aGADO BRAHMAN
650 _aGADO ZEBU
650 _aGADO DE CORTE
650 _aMANEJO
650 _aEMBRIÃO
650 _aLEILÃO
650 _aCOMERCIALIZAÇÃO
773 0 _01706
_9347826
_dSão Paulo-SP Editora Três Ltda - E-mail: luizfsa@revistadinheiro.com.br 2004
_o2025-0327
_tDinheiro Rural (Brazil)
_x1807-3700
_gv. 2(12) p. 67; (Oct 2005)
_wBR2025000067
942 _cANA
999 _c330278
_d330278